Introdução à literatura comparada (Registo nº 202598)

Detalhes MARC
000 -Etiqueta do registo
Valores 00671nam 22002053 4500
021 ## - Número do Depósito Legal
Código do país Portugal
Número 24982/89
100 ## - Dados gerais de processamento
Dados gerais 20260616d u||y0pory50 ba
200 ## - Titulo e menção de responsabilidade
Título próprio Introdução à literatura comparada
Primeira menção de responsabilidade Gerhard R. Kaiser
Outras menções de responsabilidade tradução de Teresa Alegre
210 ## - Publicação
Local de publicação Lisboa
Nome do editor Fundação Calouste Gulbenkian
Data de publicação imp. 1989
215 ## - Descrição física 
Paginação / Volumes 505, [7] p.
Outras indicações físicas brochado
Dimensões 19 cm
225 ## - Colecção 
Título próprio da colecção Manuais universitários
606 ## - Nome comum usado como assunto
ID Autoridade 3661
Palavra de ordem Crítica Literária.Estudos Literários
675 ## - CDU
Notação 82.09
Edição PT
Língua por
700 ## - Autor principal (pessoa individual)
ID Autoridade 17533
Apelido Kaisser
Nome Gerhard R.
Datas 1943-
702 ## - Autor secundário (pessoa individual)
ID Autoridade 17534
Apelido Alegre
Nome Teresa
Datas 1961-
801 ## - Fonte de origem
País PT
Agência BMMN
Regras de catalogação RPC
830 ## - Notas gerais do catalogador
Criado por Vanda
990 ## - Elementos KOHA
Tipo de documento Livro
Exemplares
Situação do levantamento Biblioteca de origem Código de barras Cota Permissão de empréstimo Tipo de documento Forma de aquisição
  Biblioteca Municipal de Montemor-o-Novo 32099 82.09 KAI|DEP   Livro Oferta

Powered by Koha